| 000 | 00796ntaaa2200241 4500 | ||
|---|---|---|---|
| 003 | 01 | ||
| 005 | 20251027203224.0 | ||
| 008 | 0714s1973 ag 01 | ||
| 020 | _a9505821174 | ||
| 040 |
_aAR-BaBN _bspa _cAR-BaBN _eaacr _dRIC |
||
| 082 | _a361.0018 Ay4 | ||
| 100 | _aAylwin de Barros, Nidia | ||
| 245 |
_aUn enfoque operativo de la metodología de trabajo social / _cNidia Aylwin de Barros, Monica Jimenez de Barros, Margarita Quezada de Greppi |
||
| 250 | _a6ª ed. | ||
| 260 |
_aBuenos Aires : _bLumen, Hvmanitas, _c1999 |
||
| 300 |
_a191 p. ; _c22 cm; cuadros y diagramas |
||
| 500 | _aBibliografia: p 185-190 | ||
| 650 |
_aMETODOLOGIA _96096 |
||
| 650 | _aTRABAJO SOCIAL | ||
| 700 |
_aJimenez de Barros, Monica _92132 |
||
| 700 |
_aQuezada de Greppi, Margarita _934364 |
||
| 942 | _cBK | ||
| 999 |
_c27685 _d27685 |
||